BUBT Library Online Catalog

Grayis anatomy: the anatomical basis of medicine and surgery. (Record no. 913)

000 -LEADER
fixed length control field 00756nam a22002537a 4500
008 - FIXED-LENGTH DATA ELEMENTS--GENERAL INFORMATION
fixed length control field 131202b xxu||||| |||| 00| 0 eng d
020 ## - INTERNATIONAL STANDARD BOOK NUMBER
International Standard Book Number 0-443-04560-7
024 ## - OTHER STANDARD IDENTIFIER
Terms of availability Available
037 ## - SOURCE OF ACQUISITION
Terms of availability Available
040 ## - CATALOGING SOURCE
Original cataloging agency MBSTU LIBRARY
Modifying agency MBSTU LIBRARY
082 ## - DEWEY DECIMAL CLASSIFICATION NUMBER
Edition number 22
Classification number 611 WIG
100 ## - MAIN ENTRY--PERSONAL NAME
Personal name William, Peter L.
245 ## - TITLE STATEMENT
Title Grayis anatomy: the anatomical basis of medicine and surgery.
250 ## - EDITION STATEMENT
Edition statement 38th
260 ## - PUBLICATION, DISTRIBUTION, ETC. (IMPRINT)
Place of publication, distribution, etc. New York
Name of publisher, distributor, etc. Churchill Livingstone.
Date of publication, distribution, etc. 2000
300 ## - PHYSICAL DESCRIPTION
Extent 30 cm.
Other physical details 2090 page
Type of unit 2
Size of unit 30 cm.
600 ## - SUBJECT ADDED ENTRY--PERSONAL NAME
Source of heading or term Human anatomy.
650 ## - SUBJECT ADDED ENTRY--TOPICAL TERM
Source of heading or term Human anatomy.
700 ## - ADDED ENTRY--PERSONAL NAME
Personal name William, Peter L.
270 ## - ADDRESS
Address New York
City New York
Country USA
365 ## - TRADE PRICE
Price amount 4799.00
Unit of pricing 4799.00
942 ## - ADDED ENTRY ELEMENTS (KOHA)
Source of classification or shelving scheme
Koha item type Books

No items available.

More Information About Library

Library Hours

  • Open: 9.00 am. to 9.00 pm.
  • Only Sunday: 9.00 am. to 6.00 pm.
  • Closed: Holiday

Contact to the University

Bangladesh University of Business and Technology Library

  • Mirpurl-2, 1216.
  • Phone:
  • Fax:
  • E-Mail: admin.library@bubt.edu.bd

Contact to the Library

Contact Person:

Md. Abdul Hakim Shah
Joint Librarian
PABX No:  113
Cell No: 01816332931
E-mail: official: admin.library@bubt.edu.bd
Personal: hakim.shah@bubt.edu.bd


BUBT Library

Copyright © 2021